书目信息 |
| 题名: |
微生物遗传学
|
|
| 作者: | 盛祖嘉 编著 | |
| 分册: | ||
| 出版信息: | 北京 科学出版社 1987 |
|
| 页数: | 526页 | |
| 开本: | 20cm | |
| 丛书名: | 现代遗传学丛书 | |
| 单 册: | ||
| 中图分类: | Q933 | |
| 科图分类: | ||
| 主题词: | 微生物遗传学 | |
| 电子资源: | ||
| ISBN: | ||
| 000 | 00710nam2 2200277 45 | |
| 001 | 0187010629 | |
| 005 | 20040525102814.9 | |
| 010 | @dCNY5.05 | |
| 091 | @a13031.3522 | |
| 100 | @a19900912d1987 emky0chiy0121 ea | |
| 101 | 0 | @achi |
| 102 | @aCN@b110000 | |
| 105 | @ay z 000yy | |
| 106 | @ar | |
| 200 | 10 | @a微生物遗传学@Awei sheng wu yi chuan xue@f盛祖嘉编著 |
| 205 | @a2版 | |
| 210 | @a北京@c科学出版社@d1987 | |
| 215 | @a526页@d20cm | |
| 225 | 2 | @a现代遗传学丛书 |
| 410 | 0 | @120010@a现代遗传学丛书 |
| 606 | 0 | @a微生物遗传学 |
| 690 | @aQ933 | |
| 701 | 0 | @a盛祖嘉@Asheng zu jia@4编著 |
| 801 | 0 | @aCN@b深圳图书馆@c20040525 |
| 801 | 2 | @aCN@bNLC@c20040525 |
| 905 | @f3@b200431-433@dQ933@e9=2 | |
| 微生物遗传学/盛祖嘉编著.-2版.-北京:科学出版社,1987 |
| 526页;20cm.-(现代遗传学丛书) |
| ISBN :CNY5.05 |
| ● |
| 相关链接 |
|
|
|
|
正题名:微生物遗传学
索取号:Q933/9=2
 
预约/预借
| 序号 | 登录号 | 条形码 | 馆藏地/架位号 | 状态 | 备注 |
| 1 | 0200431 | 000703803 | 第三借阅区/ [索取号:Q933/9=2] | 在馆 | |
| 2 | 0200432 | 000703796 | 第三借阅区/ [索取号:Q933/9=2] | 在馆 | |
| 3 | 0200433 | 000703787 | 第三借阅区/ [索取号:Q933/9=2] | 在馆 | |
| 4 | 0200434 | 202107996 | 第二样本阅览室/ [索取号:Q933/9=2] | 在馆 |